| 000 | 00730cab a2200253 4500 | ||
|---|---|---|---|
| 001 | WB2934-18 | ||
| 008 | 090401t1993 xxu||||| |||| 00| 0 eng d | ||
| 035 | _a(Sirsi) u25043 | ||
| 041 | _aeng | ||
| 245 | _aDevelopment of City site | ||
| 260 | _c1993 | ||
| 350 | _a0 | ||
| 490 |
_aFinancial Times _v15 September 1993, 1,26(1) |
||
| 520 | _aLord Palumbo and the head of Lonrho have announced a joint venture to develop One Poultry. | ||
| 650 | _aCITY OF LONDON | ||
| 650 | _aLISTED BUILDINGS | ||
| 650 | _aMAPPIN AND WEBB SITE | ||
| 650 | _aNO 1 POULTRY | ||
| 650 | _aPETER PALUMBO | ||
| 690 | _aBUILDING AND CONSTRUCTION-PROJECTS | ||
| 690 | _aPROPERTY-PROPERTY DEVELOPMENT | ||
| 942 | _n0 | ||
| 948 | _c04/03/1997 | ||
| 999 |
_c16797 _d16797 |
||